000
00266nam a2200109Ia 4500
008
220204s9999 xx 000 0 und d
082
_a
82-3
_b
HIG
100
_a
Higgins, Jack
245
0
_a
In the hour before midnight
260
_a
New York;Fawcett
_c
1969
942
_c
BK
999
_c
33447
_d
33447